[Event "Top 12 FRA-chT 2017"]
[Site "Chartres"]
[Date "2017.05.24"]
[Round "7"]
[White "Colin, Vincent"]
[Black "Battaglini, Gabriel"]
[Result "0-1"]
[WhiteElo "2381"]
[BlackElo "2475"]
[Annotator "TA"]
[PlyCount "54"]
[EventDate "2017.??.??"]
[EventType "team-tourn"]
[EventCountry "FRA"]
[SourceTitle "playchess.com"]
[Source "ChessBase"]
[SourceQuality "1"]
[WhiteTeam "Lisieux"]
[BlackTeam "Tremblay-En-France"]

{[%evp 9,54,37,41,46,39,15,37,12,13,8,20,8,43,-22,0,-87,-28,-23,-31,-37,-15,-92,-83,-73,-55,-71,-63,-171,-166,-205,-184,-197,-166,-438,-427,-403,-418,-570,-627,-885,-885,-878,-872,-886,-879,-1051,-1041]} 1. d4 Nf6 2. Bf4 e6 3. e3 g6 (3... d5 4. Nd2 c5 5. c3 Nc6 6. Ngf3 cxd4 7. exd4 Nh5 8. Be3 Bd6 9. Ne5 g6 10. Qa4 Qc7 11. Be2 Ng7 12. Nxc6 bxc6 13. Nb3 Rb8 14. O-O-O Nf5 {1-0 (49) Alekseev,E (2610)-Matlakov,M (2714) Sochi 2017}) 4. h4 $146 ({Predecessor:} 4. Nf3 Bg7 5. Be2 d5 6. Nbd2 Nbd7 7. h3 O-O 8. O-O c5 9. c3 Re8 10. Bh2 b6 11. a4 {1-0 (26) Ivanovic,A (2001)-Bogdanovski,Z (1670) Lucija 2011}) 4... Bg7 5. g4 {[%cal Bg2g4,Bg4g5][%mdl 32]} h5 6. g5 {A45: Trompowsky Attack} Nd5 7. Bg3 c5 8. c3 {White is slightly better.} cxd4 9. exd4 Nc6 {[%cal Bb8c6,Bc6e7,Be7f5][%mdl 32]} 10. Nd2 Nce7 11. Bd6 (11. Bd3 $14) 11... Nf5 $36 {[%mdl 2048] White is under pressure.} 12. Ba3 (12. Ne4 $11) 12... Bf8 (12... d6 $17) 13. Bxf8 $11 Kxf8 14. Qf3 {[#]} b5 $1 {[%mdl 512]} 15. Ne2 (15. Bxb5 $11 {remains equal.} Qb6 16. a4) 15... Bb7 $17 16. Bg2 Rb8 {And now ...Nb4! would win.} 17. Qh3 Qc7 18. Kf1 (18. Qh2 $15) 18... b4 $19 19. Be4 bxc3 20. bxc3 Ba6 {[#]} 21. Bd3 $2 (21. c4 $1 {[%mdl 512]} Bxc4 22. Nxc4 Qxc4 23. Qa3+ Kg7 24. Rc1) 21... Nde3+ 22. fxe3 Bxd3 23. Kf2 Rb2 {Black is clearly winning.} 24. Rhd1 Bxe2 25. Kxe2 Qxc3 26. Rab1 {[#]} Nxd4+ $1 {[%mdl 512]} 27. Ke1 {[#]} (27. exd4 Rxd2+) 27... Qd3 $1 {[%mdl 512] Precision: White = 19%, Black = 43%.} 0-1

[Event "Top 12 FRA-chT 2017"]
[Site "Chartres"]
[Date "2017.05.24"]
[Round "7"]
[White "Shirazi, Kamran"]
[Black "Marie, Maxime"]
[Result "1-0"]
[WhiteElo "2367"]
[BlackElo "2177"]
[Annotator "TA"]
[PlyCount "121"]
[EventDate "2017.??.??"]
[EventType "team-tourn"]
[EventCountry "FRA"]
[SourceTitle "playchess.com"]
[Source "ChessBase"]
[SourceQuality "1"]
[WhiteTeam "Tremblay-En-France"]
[BlackTeam "Lisieux"]

{[%evp 18,121,15,0,0,2,76,73,73,84,68,56,113,99,99,92,126,116,271,275,317,307,322,263,270,276,400,387,785,212,210,214,211,220,210,208,209,200,219,202,200,193,216,164,155,164,337,336,340,331,356,362,422,421,430,273,372,341,358,297,355,348,352,347,350,333,335,314,452,449,424,428,393,382,308,233,233,231,231,224,224,216,216,202,185,62,69,72,90,89,85,85,98,118,235,228,214,232,623,591,356,0,29986,29982,29986,29987]} 1. Nf3 g6 2. d4 Bg7 3. e4 c6 4. Nc3 d5 5. h3 Nf6 6. Bd3 {[%cal Bf1d3,Bd3e4,Be4c6][%mdl 32]} dxe4 7. Nxe4 Nbd7 8. O-O Nxe4 9. Bxe4 O-O 10. Qe2 {LiveBook: 6 Games. B15: Caro-Kann: 3 Nc3: 3...g6 and 3...dxe4 4 Nxe4 Nf6 5 Nxf6+ exf6} (10. c3 c5 11. Bg5 cxd4 12. Nxd4 h6 13. Bh4 Nc5 14. Bc2 Qc7 15. Qe2 e5 16. Nb5 Qb6 17. Be7 Re8 18. Bxc5 Qxc5 {½-½ (27) Kovalev,V (2562)-Oleksienko,M (2622) Gjakova 2016}) 10... e5 11. dxe5 Nxe5 $146 (11... Re8 $11) ({Predecessor:} 11... Re8 12. Rd1 Qc7 13. Bf4 Nxe5 14. c3 Nxf3+ 15. Bxf3 Rxe2 16. Bxc7 Re8 17. Kh2 {½-½ (17) Van de Haak,G (2175)-Arnold,H (2273) ICCF email 2010}) 12. Nxe5 $16 {White is better.} Bxe5 {[#]} 13. Bxc6 $1 {[%mdl 512]} Qf6 (13... bxc6 14. Qxe5) 14. Bd5 Bf5 ({Better is} 14... Bxb2 $14 15. Bxb2 Qxb2) 15. c3 Rad8 16. Qf3 Bb8 {Threatens to win with ...Qe5.} 17. g3 Rxd5 $2 (17... Rfe8 $16) 18. Qxd5 $18 Rd8 19. Qxb7 Be6 20. Re1 h5 21. h4 Qf5 (21... Bd5 $142 22. Qe7 Qf3 23. Qxd8+ Kh7 24. Qxd5 (24. Kf1 $2 Bxg3 25. Be3 Be6 $19) 24... Qxd5) 22. Qe7 Rd3 $2 (22... Rc8 23. Bh6 Kh7) 23. Bh6 $2 (23. Qe8+ Kh7 24. Qxb8) 23... Bd6 24. Qg5 {aiming for Red1.} ({Not} 24. Qxa7 Bd5 $17) 24... Qh3 {[%cal Rd6g3] ( -> ...Bxg3!)} 25. Rxe6 $1 Qxe6 26. Qd8+ Kh7 27. Bf4 Rd5 {Hoping for ...Bxf4.} 28. Bxd6 Rxd6 {[%mdl 4096] Endgame KQR-KQR} 29. Qg5 Qe2 30. b3 Qb2 31. Qc1 Qe2 $2 (31... Rd2 {keeps fighting.} 32. Qxb2 Rxb2) 32. Qf4 Rd7 33. c4 Qc2 34. Kg2 f5 35. Qe3 a5 36. Qe8 Rg7 37. Qe1 a4 38. Qd1 Qe4+ 39. Qf3 Qc2 40. Qe3 Qb2 41. Rd1 Qxa2 42. Rd8 {Intending Qe8 and mate.} Qxb3 (42... Qc2 $142 43. Qe8 Qe4+ 44. Qxe4 fxe4 45. bxa4 Ra7) 43. Qe8 {[%csl Gd8][%cal Re8h8]} Qb7+ 44. Kh2 {[%csl Gd8][%cal Re8h8]} Kh6 45. Qxa4 f4 46. gxf4 Qe7 47. Rh8+ Rh7 48. Rxh7+ Kxh7 {KQ-KQ} 49. Kg3 Qe6 50. Qa7+ $1 Kh6 {Threatening ...Qg4+.} 51. Qd4 ({White should try} 51. f5 $1 $18 {[%cal Rf5e6]} Qe5+ 52. Kg2 Qxf5 53. Qd4) 51... Qg4+ $14 52. Kh2 {[%cal Rd4h8]} Qxh4+ 53. Kg2 {[%cal Rd4h8]} Qg4+ 54. Kf1 {[%cal Rd4h8]} Kh7 55. c5 {[%cal Bc4c5,Bc5c6,Bc6c7][%mdl 32]} h4 (55... Qh3+ $16 56. Ke2 Qg4+ 57. Ke3 Qh3+ 58. Ke2 Qg4+ 59. Ke3 Qh3+ 60. f3 Qh1) 56. c6 $18 Qh3+ 57. Kg1 {White threatens Qd7+ and mate.} Qf3 {[#]} 58. Qd7+ $1 Kh6 {[#] White must now prevent ...h3.} 59. Qd4 $2 (59. Qe8 $1 $18 {[%cal Re8h8]} Qg4+ 60. Kf1 Qh3+ 61. Ke2) 59... Kh5 $2 {[%mdl 8192]} (59... Kh7 $11 60. Qd7+ Kh6) 60. Qh8+ Kg4 61. c7 {Precision: White = 77%, Black = 35%.} 1-0

[Event "Top 12 FRA-chT 2017"]
[Site "Chartres"]
[Date "2017.05.24"]
[Round "7"]
[White "Nezar, Mustapha"]
[Black "Dionisi, Thomas"]
[Result "1/2-1/2"]
[WhiteElo "2354"]
[BlackElo "2392"]
[Annotator "TA"]
[PlyCount "82"]
[EventDate "2017.??.??"]
[EventType "team-tourn"]
[EventCountry "FRA"]
[SourceTitle "playchess.com"]
[Source "ChessBase"]
[SourceQuality "1"]
[WhiteTeam "Vandoeuvre"]
[BlackTeam "Bois-Colombes"]

{[%evp 19,82,11,11,18,26,26,19,14,25,22,31,19,37,25,31,31,42,44,40,36,50,46,45,14,37,37,37,23,24,18,22,19,57,29,34,29,38,29,29,13,19,0,29,29,37,31,40,41,60,20,23,14,18,0,0,0,19,13,19,19,23,0,0,0,51]} 1. d4 f5 2. g3 Nf6 3. Bg2 g6 4. c4 Bg7 5. Nc3 O-O 6. Nh3 d6 7. d5 Na6 8. O-O Nc5 9. Nf4 e5 10. dxe6 c6 11. Be3 {A86: Dutch Defence: Leningrad System: Unusual lines and 5 Nh3} Nxe6 12. Nxe6 Bxe6 13. b3 Re8 $146 (13... Ne4 $5 14. Nxe4 fxe4 $14) ({Predecessor:} 13... Qa5 14. Rc1 Rad8 15. Qd2 Nh5 16. Bd4 Be5 17. e3 c5 18. Bxe5 dxe5 {1-0 (36) Csonka,B (2412)-Grover,S (2491) Pune 2014}) 14. Rc1 {[%cal Ba1c1,Bc1c2,Bc2d2][%mdl 32]} Qe7 15. Qd2 a6 16. Rfd1 Rad8 17. Bd4 Bf7 18. Rc2 Rd7 19. Qc1 Ng4 20. Bxg7 Kxg7 21. Qf4 (21. e4 $5) 21... Nf6 (21... g5 $5 {[%cal Rg5f4]} 22. Qd4+ Ne5 $11) 22. Rcd2 {[%cal Rd2d6]} Red8 23. Qd4 (23. Na4 {looks sharper.} d5 24. Nb6 Rd6 25. cxd5 Bxd5 26. Nxd5 cxd5 27. Qd4) 23... Qe5 24. e3 Qxd4 25. Rxd4 Ne8 26. e4 Be6 27. exf5 Bxf5 28. Bf3 h5 29. Rf4 Nf6 30. Rfd4 Ne8 31. Kg2 Nc7 32. h4 Ne6 33. R4d2 Kf6 34. Ne2 a5 35. Nc3 Nc5 36. Rd4 Ne6 37. R4d2 Nc5 38. Kg1 Be6 39. Rd4 Bf5 40. Kg2 Ne6 41. R4d2 Ke5 {Precision: White = 53%, Black = 48%.} (41... Nc5 $11) 1/2-1/2

[Event "Top 12 FRA-chT 2017"]
[Site "Chartres"]
[Date "2017.05.24"]
[Round "7"]
[White "Roos, Louis"]
[Black "Leconte, Maria"]
[Result "1-0"]
[WhiteElo "2346"]
[BlackElo "2174"]
[Annotator "TA"]
[PlyCount "45"]
[EventDate "2017.??.??"]
[EventType "team-tourn"]
[EventCountry "FRA"]
[SourceTitle "playchess.com"]
[Source "ChessBase"]
[SourceQuality "1"]
[WhiteTeam "Strasbourg"]
[BlackTeam "Saint Quentin"]

{[%evp 13,45,7,30,21,0,0,0,-45,-50,-74,12,9,21,-7,0,-104,7,11,-6,-38,0,-15,0,-7,24,-85,-61,-73,18,18,24,22,24,-118]} 1. e4 {[%cal Be2e4,Be4e5][%mdl 32]} e6 2. d4 d5 3. e5 c5 4. c3 Nc6 5. Nf3 Bd7 6. Be2 Nge7 7. Na3 Ng6 8. h4 {C02: French: Advance Variation} Be7 (8... cxd4 9. cxd4 Bb4+ 10. Kf1 h6 11. Nc2 Be7 12. Bd3 O-O 13. Rh3 f5 14. Rg3 Kh7 15. h5 Nh8 {½-½ (62) Shirov,A (2736)-Gurevich,M (2656) Belfort 2004}) 9. g3 O-O 10. Bd3 {The position is equal.} cxd4 11. cxd4 Nb4 $146 (11... f6 $1 $17 {[%cal Rf6e5]} 12. Bxg6 hxg6 13. exf6 Rxf6) ({Predecessor:} 11... Qb6 12. Nc2 f6 13. exf6 Bxf6 14. O-O Rae8 15. Bg5 Nce7 {1-0 (43) Garbisu de Goni,U (2390)-Fernandez,G Subijana de Alava 1998}) 12. Bb1 $11 Rc8 13. Bd2 Qb6 14. Bc3 {[#]} (14. h5 $11 {remains equal.}) 14... f6 ({Black should play} 14... Rxc3 $1 $17 {[%mdl 512]} 15. bxc3 Qa6) 15. h5 Nh8 $1 {[%cal Bg6h8,Bh8f7,Bf7g5][%mdl 32]} 16. Kf1 f5 17. Qd2 Nf7 18. Kg2 a5 19. Ne1 (19. Nc2 $11 {keeps the balance.}) 19... Ng5 $17 20. f3 $1 Qc6 (20... h6 $17) 21. Nac2 $11 Nxc2 22. Bxc2 b6 23. Bd3 {[%mdl 32768] Precision: White = 40%, Black = 44%. . Loss on Time!?} (23. h6 $11) 1-0

[Event "Top 12 FRA-chT 2017"]
[Site "Chartres"]
[Date "2017.05.24"]
[Round "7"]
[White "Coursaget, Nicolas"]
[Black "Milov, Vadim"]
[Result "0-1"]
[WhiteElo "2311"]
[BlackElo "2604"]
[Annotator "TA"]
[PlyCount "34"]
[EventDate "2017.??.??"]
[EventType "team-tourn"]
[EventCountry "FRA"]
[SourceTitle "playchess.com"]
[Source "ChessBase"]
[SourceQuality "1"]
[WhiteTeam "Lisieux"]
[BlackTeam "Tremblay-En-France"]

{[%evp 21,34,29,32,13,24,0,55,0,0,0,20,-77,-71,-612,-604]} 1. d4 Nf6 2. c4 g6 3. f3 Bg7 4. e4 O-O 5. Nc3 d6 6. Be3 e5 7. d5 c6 8. Qd2 cxd5 9. cxd5 Nbd7 10. O-O-O a6 11. Kb1 b5 {[%cal Bb7b5,Bb5b4,Bb4b3][%mdl 32] LiveBook: 12 Games. E88: King's Indian: Sämisch: 6...e5 7 d5 c6} 12. g4 (12. Rc1 Nb6 13. g4 Bd7 14. h4 h5 15. Bg5 b4 16. Nce2 hxg4 17. Ng3 Rc8 18. Rxc8 Qxc8 19. h5 Nxh5 20. Nxh5 gxh5 {1-0 (39) Iljiushenok,I (2479)-Dai,C (2353) Moscow 2016}) 12... Nc5 13. Rc1 Rb8 ({Black should try} 13... Qa5 $11) 14. Nge2 (14. Nd1 $14) 14... b4 $11 15. Nd1 b3 $146 {...Bxg4! is the strong threat.} (15... Nfxe4 $5 16. fxe4 Nxe4 $11) ({Predecessor:} 15... Nfxe4 16. fxe4 Nxe4 17. Qe1 Bxg4 18. Bg2 {0-1 (60) Peralta,F (2330)-Sasikiran,K Guarapuava 1995}) 16. a3 {[#]} (16. Bxc5 $11 bxa2+ 17. Kxa2 dxc5 18. Kb1) 16... Bxg4 $1 $17 17. fxg4 $4 {[%mdl 8192]} (17. Bg2 $17 Bd7 18. Bxc5 dxc5 19. Rxc5) 17... Nfxe4 0-1

[Event "Top 12 FRA-chT 2017"]
[Site "Chartres"]
[Date "2017.05.24"]
[Round "7"]
[White "Touzane, Olivier"]
[Black "Bacrot, Etienne"]
[Result "0-1"]
[WhiteElo "2277"]
[BlackElo "2696"]
[Annotator "TA"]
[PlyCount "100"]
[EventDate "2017.??.??"]
[EventType "team-tourn"]
[EventCountry "FRA"]
[SourceTitle "playchess.com"]
[Source "ChessBase"]
[SourceQuality "1"]
[WhiteTeam "Montpellier"]
[BlackTeam "Bischwiller"]

{[%evp 9,100,12,15,-8,-6,-23,-19,-32,-18,-26,-14,-27,-20,-22,-17,-27,-15,-44,-22,-27,-29,-36,-29,-41,-18,-12,0,0,-2,0,0,0,14,0,5,0,2,8,4,4,7,0,0,0,0,-20,-17,-20,-16,-30,-5,-18,-16,-29,0,-10,-10,-4,-6,-129,-133,-143,-123,-167,-140,-252,-235,-242,-262,-247,-228,-303,-293,-519,-486,-546,-568,-625,-617,-656,-562,-537,-512,-1371,-1570,-12834,-12835,-12835,-12835,-12835,-12835,-12831,-763]} 1. d4 Nf6 2. Bf4 b6 3. e3 e6 4. Be2 (4. Nf3 Bb7 5. h3 Bd6 6. Bxd6 cxd6 7. Bd3 d5 8. O-O O-O 9. a4 Nc6 10. c3 Ne4 11. Na3 f5 12. Nd2 Qe7 13. f3 {0-1 (89) Vitiugov,N (2726)-Anton Guijarro,D (2650) Tallinn 2016}) 4... Bb7 5. Bf3 d5 {LiveBook: 3 Games} 6. Nd2 {A45: Trompowsky Attack} (6. c4 $5) 6... c5 7. c3 Be7 8. Ne2 $146 {The position is equal.} ({Predecessor:} 8. a4 O-O 9. Qb1 cxd4 10. exd4 Re8 11. Ne2 Nbd7 {0-1 (49) Martin Consuegra,B (1880)-Ramos del Campo,A (2078) Mostoles 2012}) 8... Nc6 9. O-O h6 10. h3 O-O 11. Re1 Rc8 12. Bh2 Re8 13. Qa4 a6 (13... Qd7 $5 {[%cal Rc6d4]} 14. Kh1 Red8 $15) 14. Rad1 b5 15. Qc2 Qb6 16. Qb1 Bf8 17. a3 e5 {[%cal Rc5d4]} 18. dxc5 Bxc5 19. b4 Bf8 20. e4 $1 dxe4 21. Nxe4 Nxe4 22. Bxe4 Rcd8 23. Qb3 Rxd1 24. Rxd1 Rd8 (24... Ne7 $5 {[%cal Rb7e4]} 25. Bxb7 Qxb7 $11) 25. Rxd8 Nxd8 26. Qc2 Qe6 27. Bg3 Bxe4 28. Qxe4 Nc6 29. f3 g6 30. Nc1 f5 31. Qe2 Bg7 32. a4 Qd5 33. axb5 axb5 34. Qa2 (34. Bf2 $11 {keeps the balance.}) 34... Qxa2 $17 35. Nxa2 {[%mdl 4096] Endgame KBN-KBN} Kf7 36. Kf1 Ke6 $1 37. Ke2 (37. Nc1 $17) 37... Kd5 $19 38. Kd3 {[#]} e4+ $1 39. fxe4+ fxe4+ {[%cal Bf5e4,Be4e3][%mdl 32]} 40. Kc2 {[#]} Kc4 $1 41. Bf2 $2 (41. Bd6 {might work better.}) 41... Ne7 {Black is clearly winning.} 42. Be1 Nd5 43. g3 h5 {[%cal Bh6h5,Bh5h4][%mdl 32]} 44. Bd2 e3 45. Be1 g5 46. g4 (46. Nc1 $142 Bxc3 47. Bxc3 Nxc3 48. Nd3) 46... h4 47. Nc1 Bxc3 48. Bxc3 Nxc3 49. Nd3 Ne4 50. Ne5+ Kxb4 {Precision: White = 24%, Black = 74%.} 0-1

[Event "Top 12 FRA-chT 2017"]
[Site "Chartres"]
[Date "2017.05.24"]
[Round "7"]
[White "Maisuradze, Nino"]
[Black "Guerlin Dit De Guer, Clarisse"]
[Result "1-0"]
[WhiteElo "2260"]
[BlackElo "1278"]
[Annotator "TA"]
[PlyCount "37"]
[EventDate "2017.??.??"]
[EventType "team-tourn"]
[EventCountry "FRA"]
[SourceTitle "playchess.com"]
[Source "ChessBase"]
[SourceQuality "1"]
[WhiteTeam "Bischwiller"]
[BlackTeam "Montpellier"]

{[%evp 15,37,16,41,36,59,47,268,267,288,286,312,289,419,365,457,439,582,577,537,529,760,600,589,602]} 1. d4 e6 2. Nf3 d5 3. Bf4 Nf6 4. e3 Be7 5. Bd3 O-O 6. Nbd2 b6 7. Ne5 Bb7 8. Qf3 c5 9. c3 {D02: 1 d4 d5 2 Nf3 sidelines, including 2...Nf6 3 g3 and 2...Nf6 3 Bf4} Nc6 10. Qh3 Nxe5 $2 (10... Rc8 $14) (10... g6 11. Bh6 Re8 12. f4 Qc8 13. Bg5 cxd4 14. exd4 {0-1 (25) Cacho Reigadas,S (2511)-Antipov,M (2508) Linares 2014}) 11. dxe5 $18 {White has a decisive advantage.} Ne4 {[#]} 12. f3 $1 {[%cal Bf2f3,Bf3e4][%mdl 32]} Bh4+ $146 ({Predecessor:} 12... f5 13. fxe4 dxe4 14. Bc2 g5 15. O-O-O gxf4 16. Nxe4 Qc7 {1-0 (29) Hrdy,A-Lang,A Vienna 2005}) 13. g3 {[%cal Bg2g3,Bg3f4][%mdl 32]} Bg5 (13... Be7 {keeps fighting.} 14. fxe4 d4) 14. fxe4 Bxf4 15. gxf4 {White is clearly winning.} ({Don't play} 15. exf4 c4 $18) 15... g6 16. O-O-O Qe7 17. Rhg1 Rad8 18. Nf3 dxe4 19. Ng5 {Precision: White = 96%, Black = 15%.} 1-0

[Event "Top 12 FRA-chT 2017"]
[Site "Chartres"]
[Date "2017.05.24"]
[Round "7"]
[White "Congiu, Mathilde"]
[Black "Steil-Antoni, Fiona"]
[Result "1/2-1/2"]
[WhiteElo "2248"]
[BlackElo "2155"]
[Annotator "TA"]
[PlyCount "81"]
[EventDate "2017.??.??"]
[EventType "team-tourn"]
[EventCountry "FRA"]
[SourceTitle "playchess.com"]
[Source "ChessBase"]
[SourceQuality "1"]
[WhiteTeam "Bois-Colombes"]
[BlackTeam "Vandoeuvre"]

{[%evp 9,81,7,3,-22,18,16,17,15,13,12,12,12,10,0,-8,0,13,0,9,-11,-8,-24,0,0,7,-12,0,0,16,14,18,15,18,16,36,11,28,-13,0,0,15,0,18,0,13,13,32,15,9,14,12,0,0,0,0,0,0,0,0,0,0,-20,-20,-9,0,0,0,-17,0,0,0,-10,0,0]} 1. e4 c6 2. Ne2 d5 3. e5 c5 (3... g6 4. d4 Bg7 5. h4 c5 6. c3 h6 7. Nf4 e6 8. Nd2 Ne7 9. Bd3 Nbc6 10. Nf3 Qb6 11. O-O Bd7 12. dxc5 Qxc5 {1-0 (30) Vachier Lagrave,M (2804)-Riazantsev,A (2671) Doha 2016}) 4. d4 e6 5. c3 Nc6 {LiveBook: 36 Games} 6. g3 {[%cal Bg2g3,Bg3g4][%mdl 32] B10: Caro-Kann: 2 d3 and 2 c4} Nge7 7. Nd2 Nf5 {[%cal Rc5d4]} 8. Nf3 cxd4 9. cxd4 Bb4+ 10. Bd2 Qa5 $146 ({Predecessor:} 10... Qb6 11. Bh3 {1-0 (35) MacKinnon,K (2198)-Bongo,B (1924) Montreal 2015}) 11. g4 (11. h4 {looks sharper.} Bxd2+ 12. Qxd2 Qxd2+ 13. Kxd2 Bd7 14. Bh3) 11... Bxd2+ 12. Qxd2 Nfe7 13. Qxa5 Nxa5 14. Nc3 Bd7 15. b3 h5 16. g5 a6 17. Rb1 Rc8 18. Kd2 O-O 19. Bd3 Rc7 20. Rhc1 Rfc8 21. Rc2 Nac6 22. a3 Na5 23. Rcc1 g6 (23... Bb5 $5) 24. Rc2 Kg7 25. Rbb2 Kg8 26. Rb1 Kg7 27. Ne2 Be8 28. Nf4 Bd7 {The position is equal.} 29. Rxc7 Rxc7 30. Bc2 Nac6 31. Rc1 Na7 32. Bb1 Rxc1 33. Kxc1 a5 34. Kb2 b6 35. Ne2 Bb5 36. Nf4 Bd7 37. Ne2 Bb5 38. Nf4 Bd7 39. Bc2 Bc6 40. Nd2 Bd7 41. Nf3 {Precision: White = 47%, Black = 54%.} 1/2-1/2

[Event "Top 12 FRA-chT 2017"]
[Site "Chartres"]
[Date "2017.05.24"]
[Round "7"]
[White "Bollengier, Andreea"]
[Black "De Seroux, Camille"]
[Result "1/2-1/2"]
[WhiteElo "2234"]
[BlackElo "2117"]
[Annotator "NA"]
[PlyCount "113"]
[EventDate "2017.??.??"]
[EventType "team-tourn"]
[EventCountry "FRA"]
[SourceTitle "playchess.com"]
[Source "ChessBase"]
[SourceQuality "1"]
[WhiteTeam "Nice Alekhine"]
[BlackTeam "Grasse Echecs"]
[TimeControl "40/5400+30:1800+30"]

1. c4 {[%emt 0:00:00]} Nf6 {[%emt 0:00:11]} 2. g3 {[%emt 0:00:00]} g6 {[%emt 0:00:29]} 3. Bg2 {[%emt 0:00:00]} Bg7 {[%emt 0:00:09]} 4. Nf3 {[%emt 0:00:38]} O-O {[%emt 0:00:27]} 5. d4 {[%emt 0:00:53]} d6 {[%emt 0:03:06]} 6. O-O {[%emt 0:00:56]} c6 {[%emt 0:00:50]} 7. h3 {[%emt 0:00:46]} Nbd7 {[%emt 0:18:27]} 8. Qc2 {[%emt 0:01:37]} e5 {[%emt 0:03:56] LiveBook: 3 Games} 9. Rd1 {[%emt 0:01:16]} e4 {[%emt 0:03:50]} 10. Nh2 $15 {[%emt 0:10:36]} d5 {[%emt 0:04:45]} 11. cxd5 {[%emt 0:01:28]} cxd5 {[%emt 0:00:10]} 12. Nc3 {[%emt 0:00:48]} Nb6 {[%emt 0:03:38]} 13. a4 {[%emt 0:05:04]} Be6 {[%emt 0:04:33]} 14. Nf1 {[%emt 0:02:59]} Rc8 {[%emt 0:02:12]} 15. a5 {[%emt 0:21:08]} Nc4 {[%emt 0:00:36]} 16. a6 {[%emt 0:00:37]} Qd7 {[%emt 0:06:28]} 17. axb7 {[%emt 0:00:45]} Qxb7 {[%emt 0:00:17]} 18. Ne3 {[%emt 0:16:43]} Nd7 {[%emt 0:05:39]} 19. Nxc4 {[%emt 0:02:38]} Rxc4 {[%emt 0:00:29]} 20. Ra4 {[%emt 0:02:38]} Rfc8 {[%emt 0:02:40]} 21. e3 {[%emt 0:01:15]} Nb6 {[%emt 0:06:59]} 22. Ra2 {[%emt 0:01:48]} Bd7 {[%emt 0:13:09]} 23. Bd2 {[%emt 0:01:59]} Na4 {[%emt 0:04:25]} 24. Rda1 {[%emt 0:01:06]} Rb4 {[%emt 0:06:13]} 25. Bf1 {[%emt 0:11:09]} Bf8 {[%emt 0:07:18]} 26. Rxa4 {[%emt 0:03:09]} Bxa4 {[%emt 0:01:13]} 27. Rxa4 {[%emt 0:00:04]} Rxa4 {[%emt 0:01:08]} 28. Qxa4 {[%emt 0:00:10]} Qxb2 {[%emt 0:00:15]} 29. Be1 {[%emt 0:07:28]} Rxc3 {[%emt 0:00:52]} 30. Bxc3 {[%emt 0:00:04]} Qxc3 {[%emt 0:00:03]} 31. Qxa7 {[%emt 0:00:09]} Qc6 {[%emt 0:00:48]} 32. Qb8 {[%emt 0:00:53]} Qd6 {[%emt 0:00:34]} 33. Qxd6 {[%emt 0:00:25]} Bxd6 {[%emt 0:00:05]} 34. Bb5 {[%emt 0:00:02]} f5 {[%emt 0:00:46]} 35. Bc6 {[%emt 0:00:03]} Kg7 {[%emt 0:00:35]} 36. Bxd5 {[%emt 0:00:05]} Kf6 {[%emt 0:00:32]} 37. Kg2 {[%emt 0:02:55]} h5 {[%emt 0:00:38]} 38. Bc6 {[%emt 0:01:23]} Kg5 {[%emt 0:00:28]} 39. Be8 {[%emt 0:01:26]} Bb4 {[%emt 0:00:18]} 40. Bf7 {[%emt 0:01:36]} Kf6 {[%emt 0:30:22]} 41. Be8 {[%emt 0:30:05]} Kg5 {[%emt 0:00:06]} 42. f3 {[%emt 0:00:00]} exf3+ {[%emt 0:00:00]} 43. Kxf3 {[%emt 0:00:00]} Bd6 {[%emt 0:00:00]} 44. Bf7 {[%emt 0:00:00]} Kf6 {[%emt 0:00:00]} 45. Be8 {[%emt 0:00:00]} Kg5 {[%emt 0:00:00]} 46. Bd7 {[%emt 0:00:00]} Kf6 {[%emt 0:00:00]} 47. g4 {[%emt 0:00:00]} hxg4+ {[%emt 0:00:00]} 48. hxg4 {[%emt 0:00:00]} Bf8 {[%emt 0:00:00]} 49. e4 {[%emt 0:00:00]} fxe4+ {[%emt 0:00:00]} 50. Kxe4 {[%emt 0:00:00]} Ke7 {[%emt 0:00:00]} 51. Bc8 {[%emt 0:00:00]} Kd6 {[%emt 0:00:00]} 52. Ba6 {[%emt 0:00:00]} Be7 {[%emt 0:00:00]} 53. Bc4 {[%emt 0:00:00]} Bd8 {[%emt 0:00:00]} 54. Bg8 {[%emt 0:00:00]} g5 {[%emt 0:00:00]} 55. Kf5 {[%emt 0:00:00]} Bb6 {[%emt 0:00:23]} 56. d5 {[%emt 0:00:00]} Be3 {[%emt 0:00:09]} 57. Ke4 {Ke5+} 1/2-1/2